| 000 | 00362 a2200145 4500 | ||
|---|---|---|---|
| 001 | 27820 | ||
| 082 | _a530SEA | ||
| 090 |
_c18595 _d18595 |
||
| 100 | _aSears, F W | ||
| 245 |
_aUniversity Physics ,4th Ed _cFrancis Weston Sears |
||
| 250 | _a4 | ||
| 260 |
_aUSA _bAddison Wesley _c1970 |
||
| 300 |
_a671, A-11, T-4 _bphotocopy |
||
| 500 | _aBE textbook H & S dept | ||
| 942 |
_aNUST-CAE _k530SEA |
||
| 999 |
_c262893 _d262893 |
||